UBT Library

Analysis of different styles of cloud computing (Record no. 45699)

000 -LEADER
fixed length control field 00291nam a22001217a 4500
008 - FIXED-LENGTH DATA ELEMENTS--GENERAL INFORMATION
fixed length control field 180511b xxu||||| |||| 00| 0 eng d
041 ## - LANGUAGE CODE
Language code of text/sound track or separate title eng
080 ## - UNIVERSAL DECIMAL CLASSIFICATION NUMBER
Universal Decimal Classification number 043.3
100 ## - Rafti
Rafti 0
101 ## - Shkurtesa
Shkurtesa SHKI-BTH
245 ## - TITLE STATEMENT
Title Analysis of different styles of cloud computing
Statement of responsibility, etc Lluka,R
942 ## - ADDED ENTRY ELEMENTS (KOHA)
Source of classification or shelving scheme
Item type Books
Holdings
Withdrawn status Lost status Source of classification or shelving scheme Damaged status Not for loan Collection code Permanent location Current location Shelving location Date acquired Total Checkouts Full call number Barcode Date last seen Price effective from Koha item type
          Koleksioni i përgjithshem UBT - Lipjan UBT - Lipjan Disertacionet 05/11/2018   043.3 Lluka,R 2014 002-30023608 05/11/2018 05/11/2018 Books
          Koleksioni i përgjithshem UBT - Lipjan UBT - Lipjan Disertacionet 05/11/2018   043.3 Lluka,R 2014 002-3003613 05/11/2018 05/11/2018 Books
          Koleksioni i përgjithshem UBT - Lipjan UBT - Lipjan Disertacionet 05/11/2018   043.3 Lluka,R 2014 002-3003618 05/11/2018 05/11/2018 Books
          Koleksioni i përgjithshem UBT - Lipjan UBT - Lipjan Disertacionet 05/11/2018   043.3 Lluka,R 2014 002-3003623 05/11/2018 05/11/2018 Books
          Koleksioni i përgjithshem UBT - Lipjan UBT - Lipjan Disertacionet 05/11/2018   043.3 Lluka,R 2014 002-3003628 05/11/2018 05/11/2018 Books
UBT Library © 2015-2024. All rights reserved University Education for Business and Technology